01093cas a22003497a 450000500170000000800410001701000100005801100100006802200140007803500100009224500610010226000580016330000070022131000140022836200200024250000530026259000410031559000410035659000410039759000420043865000480048086600220052886600240055086600340057486600240060886600200063286600240065286600200067690100070069690500230070399900170072620220329142115.0990701d ca br pernn 0 0b1eng d a78542 a79514 a0317-6908 a8977100aBi-Monthly Research Notesc/by Canadian Forestry Service0 aOntario, Canada :bCanadian Forestry Service,c1944?- av. aBimestral av.35 n.4, 1979. aSe dejó de recibir a partir del v.36 n.1,1980. aBATCH-UPDb10c20130109lUCH01h2323 aBATCH-UPDb10c20130409lUCH01h1846 aBATCH-UPDb10c20130914lUCH01h0720 aCONVERSIONb10c20130109lUCH01h134414aBosquesxPublicaciones periódicas.914370 av.22 n.4-6 (1966) av.23 n.1,4-6 (1967) av.24 n.1-v.27 n.5 (1968-1971) av.28 n.2-4,6 (1972) av.29 n.1 (1973) av.35 n.3-4,6 (1979) av.36 n.1 (1980) aSE aLilia Sánchez G. c78542d78542